000 00455nab a2200145Ia 4500
003 ES-SlBCS
005 20210601125231.0
008 140529s1972 xxu||||| |||| 00| 0 eng d
041 _aeng
100 1 _aHodges, Donald Clark
_9155534
245 0 0 _aMarx's Theory of Value
_c Donald Clark Hodges
600 1 _aMarx, Karl-Teoría del Valor
_9155749
773 0 _tPhilosophy and Phenomenological Research
_gvol. 33, 1972, págs. 249-258
_wRev1411
942 _cAR
999 _c526943
_d526943